Antología poética didáctica para la Enseñanza Media : cursos del Bachillerato, normal, comercial e industrial, básico y superior

Salvato in:
Dettagli Bibliografici
Autore principale: Fernández, Belisario
Natura: Libro
Lingua:spagnolo
Pubblicazione: Buenos Aires : Albatros, 1959
Catalogo:MANES:  Risultati della ricerca del catalogo della biblioteca
Libro di testo Classificazione:
Soggetti:
Tags: Aggiungi Tag
Nessun Tag, puoi essere il primo ad aggiungerne!!
Aggiunto a:1999-11-29
Cambiato in:2025-05-07

MARC

LEADER 00000cam a2200000 i 4500
005 20250507134357.0
008 000000s1959 arg 000 0 spa d
040 |a uned  |b spa  |c entro-manes 
100 1 |a Fernández, Belisario  |9 18424 
245 1 0 |a Antología poética didáctica para la Enseñanza Media :   |b cursos del Bachillerato, normal, comercial e industrial, básico y superior /   |c selección, vocabulario (...) a cargo de Belisario Fernández 
260 |a Buenos Aires :   |b Albatros,   |c 1959 
300 |a 277 p. 
546 |a España 
561 |5 es-BUNED  |3 L.T.A.L. 0093  |a España. Fondo Manes UNED  |k MANES 
690 0 |a LEN 
650 7 |a Antologías 
691 0 |a SE 
942 |2 ddc  |c BK 
999 |c 93030  |d 93030 
999 |c manes:93030  |d 93030